000 00509nmm a2200157Ia 4500
008 251105s9999||||xx |||||||||||||||||und||
020 _a9788498864076
041 _aspa
100 _aLlamas Labella, José Manuel
245 0 _aRemedios se casa mañana y esta noche me ahorco yo
264 _a[Madrid, España] :
_bVision Libros,
_c[Fecha de publicación no identificada]
300 _a312 páginas
650 _aSpanish narrative
856 _uhttps://public.digitaliapublishing.com/a/88799
942 _cCF
999 _c92081
_d92081